000 00514nam a2200181Ia 4500
005 20250326124959.0
008 250326s9999 xx 000 0 und d
037 _aTextbook
040 _aFMSL
_beng
_cFMSL
041 _aeng
_2eng
084 _aX:8H L6
_qFMSL
100 _aPasad R D
245 0 _aFundamentals of accountancy for intermediate commerce
_cPasad R D; Kawatkar S S
260 _aBombay
_bBombay, Himalaya
_c1976
300 _a447p
942 _cTB
_hX:8H L6
999 _c1276023
_d1276023